000 00777cam a22002654a 4500
001 12999505
005 20180216081636.0
008 021107s2003 at af b 001 0 eng
010 _a 2002153648
020 _a0766826996
035 _a(DNLM)101158955
040 _aDNLM/DLC
_cDLC
_dDLC
041 _aeng
042 _apcc
060 1 0 _aQW 4
_bP946m 2003
080 _a616.01 PRI
082 0 0 _a616.01 PRI
_221
100 1 _a11
101 _aMIK
245 1 0 _aMicrobiology for surgical technologists /
_cPaul Price and Kevin B. Frey.
504 _aIncludes bibliographical references and index.
906 _a7
_bcbc
_corignew
_d1
_eecip
_f20
_gy-gencatlg
942 _2ddc
_cBK
999 _c42833
_d42833